Najlepsi gracze/Kluby Ekstraklasy Sezon 2018/2019 - Statystyki

Ogólne statystyki
  • Ten quiz został rozwiązany 88 razy
  • Średni wynik to 6 z 12
Statystyki odpowiedzi
Statystka klub lub piłkarz % Poprawnych
Klub--> Mistrz Polski Piast Gliwice
98%
Najlepszy trener Waldemar Fornalik
78%
Piłkarz Sezonu Joel Valencia
65%
Njalepszy strzelec (24 gole) Igor Angulo
63%
Klub--> Najwięcej Fauli (637) Korona Kielce
47%
Klub--> Największy Czas gry obcokrajowców (68,2%) Jagiellonia
42%
Młodzieżowiec sezonu Patryk Dziczek
42%
Klub--> Najwięcej czasu średnio przy piłce (54%) Wisła Kraków
42%
Klub--> Największy czas gry młodzieżowców (18,2%) Górnik Zabrze
36%
Najlepszy strzelec wśród polaków (18 goli) Marcin Robak
36%
Najwięcej asyst wsród polaków (9 asyst) Martin Konczkowski
5%
Najwięcej asyst wsród obcokrajowców (9 asyst) Zarko Udovicic
5%
Nie znaleziono quizów pasujących do podanych kryteriów
Rozkład punktacji
Procent ludzi z każdym wynikiem
Percentyl według liczby udzielonych odpowiedzi
Twoja historia wyników
Nie rozwiązałeś tego quizu